Diplomatari i escrits literaris de l'Abat i Bisbe Oliba / Eduard Junyent i Subirà ; a cura d'Anscari M. Mundó
ISBN:
84-7283-204-X
Descripción Física:
467 p. ; 24 cm
Otros Autores:
Mundó, Anscari M.
MARC
| LEADER | 00000nam a2200000Ia 4500 | ||
|---|---|---|---|
| 001 | 13159 | ||
| 008 | 160829s1992 xx 000 0 cat d | ||
| 020 | |a 84-7283-204-X | ||
| 080 | |a H-2-118 | ||
| 100 | 1 | |a Junyent, Eduard, |d 1901-1978 |9 29498 | |
| 245 | |a Diplomatari i escrits literaris de l'Abat i Bisbe Oliba / Eduard Junyent i Subirà ; a cura d'Anscari M. Mundó | ||
| 260 | |a Barcelona : |b Institut d'Estudis Catalans, |c 1992 | ||
| 300 | |a 467 p. ; |c 24 cm | ||
| 490 | |a Memòries de la Secció Històrico-Arqueològica ; 44 | ||
| 650 | |a Oliba, Abat |x Biografia |x Fonts |9 33383 | ||
| 650 | |a Catalunya |x Història |x 878/1162, Comtes |x Fonts |9 36382 | ||
| 700 | |a Mundó, Anscari M. |9 30366 | ||
| 710 | 2 | |a Institut d'Estudis Catalans |9 52284 | |
| 901 | |a Arxiu | ||
| 942 | |n 1 | ||
| 952 | |0 0 |1 0 |4 0 |6 H2118 |7 1 |9 46281 |a Arxiu |b Arxiu |d 2016-12-01 |l 0 |o H-2-118 |p 13159 |r 2016-12-01 00:00:00 |w 2016-12-01 |y ARXIU | ||
| 999 | |c 49785 |d 49785 | ||